000
00331nam a2200145Ia 4500
100
_a
Hillburn J L/ Julich P M
650
_a
Economics
942
_c
BK
654
_a
Computers
245
_a
Microcomputers / Microprocessors
260
_b
prentice hall
_a
New Delhi
_c
1983
082
_a
621.3.
300
_a
372
546
_a
ENGLISH
999
_c
31530
_d
31530